000 00559nam a22001937a 4500
003 KOHA_MİRAKIL
005 20240930101038.0
008 240929b2015 tu ||||| |||| 00| 0 tur d
020 _a9786059912273
040 _aTR-AnABB
_btur
_cTR-AnABB
041 _atur
082 _a813.42
_bTOP 2015
100 _aToprakçıoğlu, Mahmut.
245 0 _aBozuk oyun :
_b1915 olaylarının gerçek yüzü /
_cMahmut Toprakçıoğlu.
260 _aAnkara :
_bBerikan,
_c2015.
300 _a320 sayfa ;
_c21 cm.
650 _aTürk edebiyatı, roman
942 _2ddc
_cBK
999 _c3198
_d3198